000 00617nam a2200205 i 4500
001 74094
003 ES-MaACL
005 20240125063134.0
007 t|
008 040915s1950 mx ||||1| spa d
100 1 _aGonzález-Blanco, Pedro,
_d1879-1961
_958466
245 1 0 _aTigrocracia staliniana /
_cPedro González-Blanco.
260 _aMéxico :
_b[s.n.,
_c1950] (
_fImp. Higinio Arias Urzg)
300 _a150 p. ;
_c19 cm.
852 _aES-MaACL
_jC-8457
_bR.36265
852 _aES-MaACL
_jD-5508
_bR.30645
852 _aES-MaACL
_jD-5509
_bR.30756
942 _2udc
999 _c74094
_d74094